1220 1414 1355 1549 1144 1790 1029 1996 1558 1725 1188 1123 1404 1610 1681 1037 1307 1385 1567 1021 1111 1241 1962 1254 1010 1499 1360 1024 1356 1841 1113 1938 1330 1083 1256 1609 1916 1508 1086 1396 1742 1294 1517 1868 1954 1910 1588 1487 1169 1816 1676 1793 1274 1468 1063 1457 1759 1909 1070 1148 1485 1091 1906 1991 1149 1501 1229 1415 1595 1864 1747 1464 1071 1782 1148 1166 1989 1705 1836 1969 1501 1810 1763 1234 1108 1016 1419 1362 1854 1633 1073 1635 1056 1955 1034 1877 1392 1266 1912 BCNSPRNW ULIB Ver.6.0+V

เปลี่ยนเป็นภาษาไทย

Change to English
 แสดงรายละเอียดบรรณานุกรม
  กลับหน้าหลัก

Brief Record : Get Marc (ISO 2709) : E-mail record : QR code < ปิดหน้าต่าง
LEADER : 00000nam 2200000uu 4500
001    13399114317
003     ULIB
008    120321s2551||||th 000 0 tha d
020    ^a9789744516244
060 04 ^aWY16^bบ128
245 00 ^aบทเรียนจากกรณีศึกษาเส้นทางสู่ความสำเร็จของพยาบาลเวชปฏิบัติ. /^cสมจิต หนุเจริญกุล
260    ^aกรุงเทพฯ :^bสถาบันวิจัยและพัฒนาระบบสุขภาพชุมชน,^c2551
300    ^a116 หน้า ;^c21 ซม.
536    ^aได้รับทุนสนับสนุนจากสถาบันวิจัยและพัฒนาระบบสาธารณสุข
650  4 ^aพยาบาล^xวิจัย
650  4 ^aวิจัย
700 0  ^aสมจิต หนุเจริญกุล
710 2  ^aสถาบันวิจัยและพัฒนาระบบสุขภาพชุมชน
945    ^p130^l0^i031386
945    ^p130^l0^i031387
945    ^p130^l0^i031388
945    ^p130^l0^i031389
945    ^p130^l0^i031390
945    ^p130^l0^i031391
945    ^p130^l0^i031392
945    ^p130^l0^i031393
945    ^p130^l0^i031394
945    ^p130^l0^i031395
945    ^p0^l0^i002556
945    ^p0^l0^i002557
945    ^p0^l0^i002558
945    ^p0^l0^i002559
945    ^p0^l0^i002560
995    ^aทศพร
999 ^a ทศพร
รายการนี้ยังไม่มีแท็ก
คุณยังไม่ได้ล็อกอิน คุณสามารถมีกิจกรรมร่วมกับเว็บไซต์ได้ แต่ต้องล็อกอินก่อน ::
  ล็อกอิน

รายการสื่อสารสนเทศ

ลำดับที่ ประเภท เลขเรียก/บาร์โค้ด สถานที่ สถานะ
1. วิทยาศาสตร์การแพทย์ และสุขภาพ
วิทยาศาสตร์การแพทย์ และสุขภาพ
WY16 บ128 ฉ.11 
  Barcode: 002556
ห้องสมุดวิทยาเขตสวรรค์ประชารักษ์
►หนังสือทั่วไป
บนชั้น
2. วิทยาศาสตร์การแพทย์ และสุขภาพ
วิทยาศาสตร์การแพทย์ และสุขภาพ
WY16 บ128 ฉ.12 
  Barcode: 002557
ห้องสมุดวิทยาเขตสวรรค์ประชารักษ์
►หนังสือทั่วไป
บนชั้น
3. วิทยาศาสตร์การแพทย์ และสุขภาพ
วิทยาศาสตร์การแพทย์ และสุขภาพ
WY16 บ128 ฉ.13 
  Barcode: 002558
ห้องสมุดวิทยาเขตสวรรค์ประชารักษ์
►หนังสือทั่วไป
บนชั้น
4. วิทยาศาสตร์การแพทย์ และสุขภาพ
วิทยาศาสตร์การแพทย์ และสุขภาพ
WY16 บ128 ฉ.14 
  Barcode: 002559
ห้องสมุดวิทยาเขตสวรรค์ประชารักษ์
►หนังสือทั่วไป
บนชั้น
5. วิทยาศาสตร์การแพทย์ และสุขภาพ
วิทยาศาสตร์การแพทย์ และสุขภาพ
WY16 บ128 ฉ.15 
  Barcode: 002560
ห้องสมุดวิทยาเขตสวรรค์ประชารักษ์
►หนังสือทั่วไป
บนชั้น

รายการใกล้เคียง
    หัวเรื่อง [วิจัย]

BibComment


ยังไม่เคยถูกคอมเมนท์

คอมเมนท์ทรัพยากรรายการนี้
  คอมเมนท์: บทเรียนจากกรณีศึ..


 Copyright 2026. Bcnsprnw @Library